Представление документа в формате MARC21

ПолеНазваниеЗначение
  Тип записи a
  Библиографический уровень m
001 Контрольный номер RU\infra-m\znanium\bibl\2237258
005 Дата корректировки 20260429142107.7
008 Кодируемые данные 260120s2025 RU g rus u
020 Индекс ISBN __
a ISBN 978-5-00223-462-2
040 Источник каталогиз. __
a Служба первич. каталог. Общество с ограниченной ответственностью «ЗНАНИУМ»
041 Код языка издания __
a Код языка текста rus
044 Код страны публикации __
a Код страны публикации RU
080 Индекс УДК __
a Индекс УДК 615
084 Индекс другой классификации/Индекс ББК __
2 Источник индекса rubbk
a Индекс другой классификации/Индекс ББК 5359
100 Автор __
a Автор Макарова Ю.
q Полное имя Макарова Юля
245 Заглавие __
a Заглавие Йога в кармане. Женская практика. Руководство по самостоятельной практике
b Продолж. заглавия Научно-популярная литература
250 Сведения об издании __
a Основные сведения об издании 1
260 Выходные данные __
a Место издания Москва
b Издательство ООО "Альпина нон-фикшн"
c Дата издания 2026
300 Физическое описание __
a Объем 208 с.
520 Аннотация __
a Аннотация Интерес к занятиям йогой в России растет с каждым днем и женщины составляют сегодня как минимум две трети занимающихся. Женская практика в йоге как и в других комплексах духовного и физического оздоровления имеет свою специфику. Это руководство для самостоятельной практики написано женщинами и для женщин. В нем рассматриваются особенности занятий йогой в зависимости от возраста и менструального цикла при беременности и лишнем весе а также многое другое что поможет каждой женщине улучшить результаты занятий и избежать негативных моментов.
521 Примеч. о цел. назн. __
a Примеч. о целев. назн. Дополнительное образование взрослых
650 Тематические рубрики __
a Основная рубрика Медицина. Фармакология
x Основная подрубрика Популярная и нетрадиционная медицина. Массаж
655 Указ. предметных рубрик (устаревшее) __
a Жанр/ форма (устаревшее) Научно-популярная литература
700 Другие авторы __
a Другие авторы Ульмасбаева Е.
q Полное имя Ульмасбаева Елена
856 Электронный адрес документа 4_
a Имя сервера/домена znanium.ru
m Помощь ebs_support@infra-m.ru
n Местонахождение сервера НИЦ ИНФРА-М
u URL https://znanium.ru/catalog/document?id=475064
856 Электронный адрес документа 48
a Имя сервера/домена znanium.ru
d Путь /cover/2237
f Электронное имя 2237258.jpg
q Тип электронного формата image/jpeg
u URL https://znanium.ru/cover/2237/2237258.jpg
911 __
u 0030=https://znanium.ru/catalog/document?id=475064